[Event "Madrid-ch Previa-A"]
[Site "Madrid"]
[Date "2009.11.16"]
[Round "7"]
[White "Garcia Gutierrez, Jose"]
[Black "Tirado Parra, Alberto"]
[Result "1-0"]
[WhiteElo "2053"]
[BlackElo "1949"]
[PlyCount "59"]
[EventDate "2009.11.02"]
[EventType "swiss"]
[EventRounds "9"]
[EventCountry "ESP"]
[SourceTitle "EXT 2010"]
[Source "ChessBase"]
[SourceDate "2010.11.25"]
[SourceVersion "1"]
[SourceVersionDate "2010.11.25"]
[SourceQuality "1"]

1. g3 d5 2. Bg2 e5 3. c4 Nf6 4. cxd5 Nxd5 5. Nc3 Be6 6. Nf3 Nc6 7. 0-0 Be7 8. d3 0-0 9. Qd2 h6 10. Qd1 Qd7 11. Bd2 Rad8 12. a3 f5 13. Qc2 Bf6 14. Rac1 Kh8 15. Na4 Qf7 16. Nc5 Bc8 17. e4 Nde7 18. exf5 Nxf5 19. Bc3 Qd5 20. b4 Qg8 21. Ne4 Nfd4 22. Bxd4 Nxd4 23. Nxd4 Rxd4 24. Qxc7 Qe6 25. Nc5 Qa2 26. Ne4 Qe6 27. Rc3 Rfd8 28. Rfc1 R4d7 29. Qb8 Rxd3 30. Rxd3 1-0

[Event "Madrid-ch Previa-A"]
[Site "Madrid"]
[Date "2009.11.12"]
[Round "6"]
[White "Lozano Sanchez, Jose Antonio"]
[Black "Garcia Gutierrez, Jose"]
[Result "0-1"]
[WhiteElo "1912"]
[BlackElo "2053"]
[PlyCount "52"]
[EventDate "2009.11.02"]
[EventType "swiss"]
[EventRounds "9"]
[EventCountry "ESP"]
[SourceTitle "EXT 2010"]
[Source "ChessBase"]
[SourceDate "2010.11.25"]
[SourceVersion "1"]
[SourceVersionDate "2010.11.25"]
[SourceQuality "1"]

1. e4 b6 2. Bc4 e6 3. Nc3 Bb7 4. d4 Bb4 5. Qd3 Qh4 6. d5 Nf6 7. Bd2 Bxc3 8. Bxc3 Qxe4+ 9. Ne2 Qxd3 10. Bxd3 Bxd5 11. 0-0-0 0-0 12. f4 Ne4 13. Be1 Nc5 14. Rg1 a5 15. Nc3 Nxd3+ 16. Rxd3 Bc4 17. Rd4 d5 18. Bh4 c5 19. Rd2 a4 20. b3 axb3 21. cxb3 Ba6 22. Re1 Nc6 23. Na4 Rab8 24. a3 Rfc8 25. Bf2 Na5 26. Rb2 d4 0-1

[Event "Madrid-ch Seniors 0809"]
[Site "Madrid"]
[Date "2009.02.18"]
[Round "8"]
[White "Lopez Heras, Arturo"]
[Black "Garcia Gutierrez, Jose"]
[Result "0-1"]
[WhiteElo "1943"]
[BlackElo "2060"]
[PlyCount "64"]
[EventDate "2009.02.09"]
[EventType "swiss"]
[EventRounds "9"]
[EventCountry "ESP"]
[SourceTitle "CBM 128 Extra"]
[Source "ChessBase"]
[SourceDate "2009.03.05"]
[SourceVersion "2"]
[SourceVersionDate "2009.03.25"]
[SourceQuality "1"]

1. e4 e6 2. d4 d5 3. e5 c5 4. c3 Nc6 5. Nf3 Qb6 6. a3 c4 7. Nbd2 Na5 8. Be2 Bd7 9. 0-0 Ne7 10. Rb1 Qc7 11. Re1 Nc8 12. Nf1 Nb3 13. Bg5 Be7 14. Bxe7 Nxe7 15. N3d2 Na5 16. Ne3 0-0-0 17. b3 cxb3 18. c4 Kb8 19. cxd5 exd5 20. Qc1 Qb6 21. Nxb3 Nxb3 22. Qc3 Ba4 23. Bd1 Rc8 24. Qd3 Nc1 25. Qd2 Qxb1 26. Bxa4 Qd3 27. Qb4 Qc3 28. Qd6+ Rc7 29. Rd1 Ne2+ 30. Kh1 Nf4 31. g3 Nd3 32. Kg2 Nb2 0-1

[Event "Madrid-ch Seniors 0809"]
[Site "Madrid"]
[Date "2009.02.16"]
[Round "6"]
[White "Garcia Gutierrez, Jose"]
[Black "Perez Cameselle, Francisco Jose"]
[Result "1-0"]
[WhiteElo "2060"]
[BlackElo "1996"]
[PlyCount "91"]
[EventDate "2009.02.09"]
[EventType "swiss"]
[EventRounds "9"]
[EventCountry "ESP"]
[SourceTitle "CBM 128 Extra"]
[Source "ChessBase"]
[SourceDate "2009.03.05"]
[SourceVersion "2"]
[SourceVersionDate "2009.03.25"]
[SourceQuality "1"]

1. e4 g6 2. d4 d6 3. Nc3 Bg7 4. f4 c6 5. Nf3 d5 6. e5 Bg4 7. Bd3 e6 8. Be3 h5 9. Qd2 Bxf3 10. gxf3 Nd7 11. Rg1 Bh6 12. 0-0-0 Qa5 13. Kb1 Ne7 14. Qf2 0-0-0 15. Bd2 Qc7 16. Rc1 b5 17. Bxb5 Qb6 18. Bd3 Nf5 19. Ne2 Nxe5 20. Rcd1 Nxd3 21. cxd3 Bg7 22. Bc3 Kd7 23. Rg2 Rb8 24. Rd2 Rb7 25. Rg1 a5 26. Rc1 a4 27. Ka1 Rhb8 28. Qg1 Bh6 29. Rdc2 Qb5 30. Rd1 a3 31. b3 Bg7 32. Ng3 Re8 33. Re2 Nxg3 34. hxg3 c5 35. Rc2 cxd4 36. Bxd4 Bxd4+ 37. Qxd4 Rc8 38. Rxc8 Kxc8 39. Qh8+ Kc7 40. Rc1+ Kb6 41. Qd4+ Ka6 42. Rc5 Qd7 43. Qc3 Ka7 44. Rc8 Qb5 45. Qd4+ Qb6 46. Qa4+ 1-0

[Event "Madrid-ch Seniors 0809"]
[Site "Madrid"]
[Date "2009.02.10"]
[Round "2"]
[White "Rodriguez Bachiller, Luis"]
[Black "Garcia Gutierrez, Jose"]
[Result "1-0"]
[WhiteElo "1888"]
[BlackElo "2060"]
[PlyCount "117"]
[EventDate "2009.02.09"]
[EventType "swiss"]
[EventRounds "9"]
[EventCountry "ESP"]
[SourceTitle "CBM 128 Extra"]
[Source "ChessBase"]
[SourceDate "2009.03.05"]
[SourceVersion "2"]
[SourceVersionDate "2009.03.25"]
[SourceQuality "1"]

1. e4 e6 2. d4 d5 3. exd5 exd5 4. Bd3 Bd6 5. Nf3 Nf6 6. 0-0 0-0 7. Bg5 Bg4 8. Nbd2 Nbd7 9. c3 c6 10. Qc2 Qc7 11. h3 Bh5 12. Rfe1 Rae8 13. Rxe8 Rxe8 14. Re1 Rxe1+ 15. Nxe1 Bh2+ 16. Kf1 Bf4 17. Bxf4 Qxf4 18. Ndf3 Bxf3 19. Nxf3 Ne4 20. Qe2 f5 21. g3 Qd6 22. Kg2 b6 23. Bc2 h6 24. Qa6 Qc7 25. Nh4 f4 26. g4 Nf8 27. Qe2 Qe7 28. Nf5 Qe6 29. f3 Ng5 30. Qxe6+ Ngxe6 31. Ne7+ Kf7 32. Nxc6 a6 33. Bb3 Nc7 34. h4 Ke6 35. Ne5 b5 36. Bc2 g5 37. h5 Kf6 38. Bf5 Nce6 39. Kf2 b4 40. Ke2 bxc3 41. bxc3 Ng7 42. Bg6 Nfe6 43. Kd2 Nf8 44. Bf5 Nfe6 45. Kc2 Nf8 46. Bg6 Nge6 47. Kb3 Nc5+ 48. Kb4 Nb7 49. Nf7 Kg7 50. Ne5 Kf6 51. Bf5 Ne6 52. Nd7+ Ke7 53. Bxe6 a5+ 54. Kb5 Nd6+ 55. Kxa5 Nc4+ 56. Kb4 Kxe6 57. Ne5 Nxe5 58. dxe5 Kxe5 59. Kc5 1-0

[Event "Madrid-ch sf-A"]
[Site "Madrid"]
[Date "2009.01.19"]
[Round "4"]
[White "Pardo Robles, Jose Manuel"]
[Black "Garcia Gutierrez, Jose"]
[Result "0-1"]
[WhiteElo "1946"]
[BlackElo "2060"]
[PlyCount "90"]
[EventDate "2009.01.12"]
[EventType "swiss"]
[EventRounds "9"]
[EventCountry "ESP"]
[SourceTitle "CBM 128 Extra"]
[Source "ChessBase"]
[SourceDate "2009.03.05"]
[SourceVersion "2"]
[SourceVersionDate "2009.03.25"]
[SourceQuality "1"]

1. c4 e5 2. Nc3 Nc6 3. g3 f5 4. Bg2 Nf6 5. e3 d5 6. cxd5 Nb4 7. d3 Nfxd5 8. Nge2 Nxc3 9. Nxc3 Qxd3 10. Qxd3 Nxd3+ 11. Ke2 Nxc1+ 12. Raxc1 c6 13. Na4 Bd6 14. Rhd1 Ke7 15. Nc5 Rb8 16. f3 b6 17. Nd3 c5 18. e4 Rf8 19. Nf2 g6 20. Ke1 Be6 21. a3 c4 22. Rd2 Bc5 23. Nd1 Rfd8 24. Bf1 b5 25. Rxd8 Rxd8 26. Nc3 a6 27. Rc2 Bd4 28. Be2 Bxc3+ 29. Rxc3 Rd4 30. Re3 f4 31. Rc3 h5 32. Rc2 g5 33. gxf4 exf4 34. Rd2 Rxd2 35. Kxd2 Kd6 36. Bf1 Kc5 37. Kc3 a5 38. h3 b4+ 39. axb4+ axb4+ 40. Kc2 Kd4 41. Kd2 c3+ 42. bxc3+ bxc3+ 43. Kc2 Bc8 44. e5 Bf5+ 45. Kc1 Kxe5 0-1

[Event "Madrid-ch sf-A"]
[Site "Madrid"]
[Date "2009.01.14"]
[Round "3"]
[White "Garcia Gutierrez, Jose"]
[Black "Rodriguez Gonzalez, Javier"]
[Result "0-1"]
[WhiteElo "2060"]
[BlackElo "2262"]
[PlyCount "76"]
[EventDate "2009.01.12"]
[EventType "swiss"]
[EventRounds "9"]
[EventCountry "ESP"]
[SourceTitle "CBM 128 Extra"]
[Source "ChessBase"]
[SourceDate "2009.03.05"]
[SourceVersion "2"]
[SourceVersionDate "2009.03.25"]
[SourceQuality "1"]

1. e4 e6 2. d4 d5 3. Nd2 Nc6 4. c3 dxe4 5. Nxe4 Qd5 6. Ng3 e5 7. dxe5 Qxd1+ 8. Kxd1 Nxe5 9. Bf4 Bd6 10. Bxe5 Bxe5 11. Kc2 Bd6 12. Bb5+ c6 13. Bd3 g6 14. Re1+ Be7 15. Nf3 Be6 16. Nd4 Bd5 17. Re2 Bxg2 18. Rhe1 Kf8 19. f4 Bh3 20. f5 Bf6 21. Nf3 Ne7 22. Ne4 Nd5 23. Nxf6 Nxf6 24. Re7 Re8 25. Rxb7 Rxe1 26. Nxe1 Bxf5 27. Bxf5 gxf5 28. Nf3 Kg7 29. Ng5 Kg6 30. Nxf7 Re8 31. h3 f4 32. Nd6 Re6 33. Nc4 f3 34. Nd2 f2 35. Rb4 Kf5 36. Nf1 Re1 37. Ng3+ Ke5 38. Rc4 Rg1 0-1